000 00442nam a2200181Ia 4500
001 7506
005 20260306160500.0
008 260306t2014||||xx |||||||||||||| ||spa||
041 _aESP
082 _a339
_bM42A
100 _aMendoza Bellido, Waldo
_eAUT
245 0 _aMacroeconomía intermedia para América Latina
260 _c2014
300 _a559 páginas :
_c24 cm.
650 _aGEN
654 _aCAN
942 _cLIB
_dJUS
_fJUS
_2ddc
_n
999 _c7506
_d7506